000 00432nam a22001697a 4500
003 NUST - PNEC
005 20170116181037.0
008 150831b xxu||||| |||| 00| 0 eng d
020 _a8179925196
040 _cLIBRARY
082 _a621.3822 KES
100 _911490
_aKesavamurthy, N.
245 _aDigital signal processing
_cN. Kesavamurthy
260 _cc.2006
650 _96100
_aDigital electronics
_xME
942 _2ddc
_cBK
999 _c68004
_d68004